Statystyki dla Państwa kończące się na „ka”

Kliknij tutaj aby rozwiązać quiz!

Ogólne statystyki

  • Ten quiz został rozwiązany 56 razy
    (55 od ostatniego zresetowania)
  • Średni wynik to 3 z 8

Statystyki odpowiedzi

Nazwa państwa% Poprawnych
Polska
79%
Kostaryka
56%
Jamajka
46%
Dominika
44%
Arabia Saudyjska
35%
Republika Środkowoafrykańska
31%
Sri Lanka
29%
Republika Zielonego Przylądka
27%

Rozkład punktacji

Percentyl według liczby udzielonych odpowiedzi

Procent ludzi z każdym wynikiem

Twoja historia wyników

Nie rozwiązałeś tego quizu od ostatniego zresetowania